000
00321cam a2200145ua 4500
041
_a
mal
_h
082
_a
894.812308
_b
KAN/CH
100
_a
Kanam, E J .
245
_a
Chayakkadayile sundari /
_c
E J Kanam.
_h
Textual Documents
250
_a
1 /
_b
.
300
_a
; .
504
_a
942
_c
BK
999
_c
6573
_d
6573